00737cam a2200229Ka 450000100090000000300060000900500170001500800410003202000150007302000180008803500200010604000270012608200150015310000180016824500890018626000370027530000200031250400500033261000470038265000440042965000340047354752492OCoLC20241126110712.0040317s2003 orua b b 000 0deng  a1592444229 a9781592444229 a(OCoLC)54752492 aSBIcSBIdOCLCQdYDXCP a262.1bHOW1 aHowell, Don N10aServants of the servant :ba biblical theology of leadership /cby Don N. Howell, Jr aSecunderabad: bGS Books, c2019 a307 p. ;c24 cm aIncludes bibliographical references (303-307)20aColumbia International UniversityxFaculty 0aChristian leadershipxBiblical teaching 0aLeadershipxBiblical teaching